Foundations of biostatistics (Record no. 20186)

MARC details
000 -LEADER
fixed length control field 00488nam a2200181 a 4500
001 - CONTROL NUMBER
control field 157894
003 - CONTROL NUMBER IDENTIFIER
control field OSt
005 - DATE AND TIME OF LATEST TRANSACTION
control field 20211227131629.0
008 - FIXED-LENGTH DATA ELEMENTS--GENERAL INFORMATION
fixed length control field 200630 ### ENG
020 ## - INTERNATIONAL STANDARD BOOK NUMBER
International Standard Book Number 9789811086267
082 ## - DEWEY DECIMAL CLASSIFICATION NUMBER
Classification number 570.15195
Item number IS4F
100 ## - MAIN ENTRY--PERSONAL NAME
Personal name Islam, M. Ataharul
245 ## - TITLE STATEMENT
Title Foundations of biostatistics
Statement of responsibility, etc by M. Ataharul Islam and Abdullah Al-Shiha
260 ## - PUBLICATION, DISTRIBUTION, ETC. (IMPRINT)
Place of publication, distribution, etc Singapore
Name of publisher, distributor, etc Springer Nature
Date of publication, distribution, etc 2018
300 ## - PHYSICAL DESCRIPTION
Extent 463p.
700 ## - ADDED ENTRY--PERSONAL NAME
Personal name Al-Shiha, Abdullah
942 ## - ADDED ENTRY ELEMENTS (KOHA)
Source of classification or shelving scheme Dewey Decimal Classification
Koha item type Books
Holdings
Withdrawn status Lost status Source of classification or shelving scheme Damaged status Not for loan Collection code Home library Current library Date acquired Source of acquisition Full call number Barcode Date last seen Price effective from Koha item type
    Dewey Decimal Classification     General Text Book Central University Of Rajasthan Central University Of Rajasthan 30/06/2020 STT 570.15195 IS4F 33666 02/09/2020 02/09/2020 Books